[Event "New Delhi Parsvnath op-C 16th"]
[Site "New Delhi"]
[Date "2018.01.14"]
[Round "3"]
[White "Solanki, Rutvik"]
[Black "Vineesh, PS."]
[Result "0-1"]
[WhiteElo "1587"]
[BlackElo "1447"]
[PlyCount "102"]
[EventDate "2018.01.09"]
[EventType "swiss"]
[EventRounds "10"]
[EventCountry "IND"]
[SourceTitle "CBM 182 Extra"]
[Source "ChessBase"]
[SourceDate "2018.02.23"]
[SourceVersion "1"]
[SourceVersionDate "2018.02.23"]
[SourceQuality "1"]

1. e4 e5 2. Nf3 Nc6 3. Bb5 a6 4. Ba4 Be7 5. c3 b5 6. Bb3 Nf6 7. Qe2 d6 8. h3 Na5 9. Bc2 c5 10. 0-0 Nc6 11. Rd1 Bb7 12. d4 exd4 13. cxd4 Nb4 14. d5 0-0 15. Nc3 Nxc2 16. Qxc2 h6 17. Bf4 Re8 18. Ne2 Bf8 19. Ng3 Bc8 20. Qd3 Ra7 21. e5 dxe5 22. Nxe5 Bb7 23. Qf5 Ba8 24. Nc6 Bxc6 25. dxc6 Qc8 26. Qxc8 Rxc8 27. c7 Ne8 28. Rd8 Raa8 29. Rad1 Be7 30. R8d7 Bf6 31. Ne4 Bd4 32. b4 Nf6 33. Rd8+ Rxd8 34. cxd8Q+ Rxd8 35. Nxf6+ gxf6 36. bxc5 Bxf2+ 37. Kxf2 Rxd1 38. c6 Rd4 39. Ke3 Rc4 40. c7 h5 41. Kf3 Kh7 42. g4 hxg4+ 43. Kxg4 Kg6 44. h4 f5+ 45. Kg3 f6 46. Kh3 Kh5 47. Kg3 Rc3+ 48. Kf2 Kxh4 49. Bd6 Kg4 50. Ke2 f4 51. Kd2 Rc4 0-1